000
00290 a2200121 4500
001
148633
040
_c
Escola São Tomás de Aquino
100
_a
FALCÃO, Adriana
240
1
0
_a
Mania de explicação
_l
por
245
1
0
_a
Mania de explicação
697
_a
*LITERATURA INFANTO
942
_c
BK
999
_c
148633
_d
148633